000 00431nam a2200133Ia 4500
003 GCL
008 140319s9999 xx 000 0 ara d
040 _aGCL /
_cGCL
082 0 4 _a346.07
_bم ص
245 1 0 _aصيغ العقود والدعاوى التجارية : تشتمل على اصول صياغة العقود التجارية
260 _a[S.N] :
_bدار الفكر الجامعى ،
_c1988
300 _a261 ص
490 _a
999 _c59175
_d59175